| 000 | 00887cam a2200229 4500 | ||
|---|---|---|---|
| 001 | WB3902-01 | ||
| 008 | 030114n2003 000 0 eng u | ||
| 035 | _a(Sirsi) u121005 | ||
| 245 | _aBritish Construction heads EU table | ||
| 260 | _c2003 | ||
| 490 |
_aContract Journal _v416(6408) 8 January 2003, 6(1) |
||
| 520 | _aFigures released by Eurostat, the EU statistical agency, showed the British construction market consistently outperformed other national markets. Only Spain and Finland had combined civil engineering and building markets stronger in third quarter 2002 than 2003. Eurostat http://europa.eu.int/comm/eurostat | ||
| 590 | _aWB | ||
| 650 | _aCONSTRUCTION MARKET | ||
| 650 | _aCIVIL ENGINEERING | ||
| 650 | _aBUILT ENVIRONMENT | ||
| 650 | _aUNITED KINGDOM | ||
| 650 | _aEUROPEAN UNION | ||
| 650 | _aSTATISTICS | ||
| 690 | _aBUILT ENVIRONMENT | ||
| 942 | _n0 | ||
| 999 |
_c71906 _d71906 |
||